Stories of Vikram-Bethal: (Record no. 30086)

MARC details
000 -LEADER
fixed length control field 00807nam a2200229 a 4500
005 - DATE AND TIME OF LATEST TRANSACTION
control field 20090905154553.0
008 - FIXED-LENGTH DATA ELEMENTS--GENERAL INFORMATION
fixed length control field 060731s1999 nyua b 000 0 eng d
010 ## - LCCN (DPL NO)
LC control number B-357042
020 ## - INTERNATIONAL STANDARD BOOK NUMBER
Terms of availability 25.00
035 ## - SYSTEM CONTROL NUMBER
System control number B-357042
037 ## - SOURCE OF ACQUISITION
Source of stock number/acquisition DBAD / PUB
040 ## - CATALOGING SOURCE
Original cataloging agency dpl
Language of cataloging English
082 ## - DEWEY DECIMAL CLASSIFICATION NUMBER
Classification number S
100 ## - MAIN ENTRY--PERSONAL NAME
Personal name Ravi Kumar, K.
245 ## - TITLE STATEMENT
Title Stories of Vikram-Bethal:
Statement of responsibility, etc retold by Narayana D.V.V.S.
Remainder of title (with beautiful pictures) /
260 ## - PUBLICATION, DISTRIBUTION, ETC. (IMPRINT)
Place of publication, distribution, etc Vijayawada,
Name of publisher, distributor, etc Mudra Books
Date of publication, distribution, etc 2008
270 ## - ADDRESS
Address Eluru Road,
City Vijayawada,
Postal code 2
300 ## - PHYSICAL DESCRIPTION
Extent 134p.:
Dimensions 18cm(pbk)
Other physical details ill
650 ## - SUBJECT ADDED ENTRY--TOPICAL TERM
Source of heading or term Children's stories, English
942 ## - ADDED ENTRY ELEMENTS (KOHA)
Source of classification or shelving scheme Dewey Decimal Classification
Item type Children Books
Call number suffix NAR
Classification part S
Holdings
Withdrawn status Lost status Source of classification or shelving scheme Damaged status Not for loan Collection code Home library Current library Date acquired Source of acquisition Cost, normal purchase price Total Checkouts Total Renewals Full call number Barcode Date last seen Copy number Cost, replacement price Koha item type
Withdrawn   Dewey Decimal Classification     Fiction Janak Puri Janak Puri 05/09/2009 DBAD / PUB 25.00 38 7 S NAR B-357042 23/03/2015 1 25.00 Children Books

© Delhi Public Library
Hit Counter
free hit counter